Gothembourg - Choix multiples - Statistiques

Statistiques générales
  • Ce quiz a été pris 9 fois
  • Le résultat moyen est 6 sur 10
Statistiques - réponses
Question Réponse % Correct
Quelle puissance orchestra les sièges consécutifs de la ville au XVIIe siècle ? Le Danemark-Norvège
100%
Quel est le nom de Gothembourg en suédois ? Göteborg
89%
Quelle marque de voiture fut fondée à Gothembourg en 1927 ? Volvo
67%
Laquelle de ces photographies n'a PAS été prise à Gothembourg ?
56%
De quoi Gothembourg abrite-t-elle le plus grand de Suède ? Port
56%
Qu'est-ce que “Feskekörka” à Gothembourg ? Un marché
56%
Au cours de la Guerre de Trente Ans, quelle nationalité été particulièrement favorisée dans la ville pour l'immigration et le commerce ? Les Néerlandais
44%
Quel célèbre parc d'attractions se trouve à Gothembourg ? Liseberg
44%
Laquelle de ces personnalités naquit à Gothembourg ? PewDiePie
44%
Dans quel comté Gothembourg se situe-t-elle ? Västra Götaland
44%
Aucun quiz correspondant
Distribution des résultats
% des personnes avec chaque résultat
Percentile par nombre de réponses
Votre historique - résultats
Vous n’avez pas pris ce quiz